000 00830nam a2200145Ia 4500
008 100415s9999 xx 000 0 und d
082 _b20591
_a595.796
100 _aTIWARI, R. N.
245 _aMemoirs of the Zoological Survey of India: Taxonomic Studies On Ants of Southern India. (Insecta: Hymenoptera : Formicidae). Vol. 18 No. 4 (Photo copy): (OVERSIZED BOOK)
260 _aCALCUTTA
_c1999
_bZOOLOGICAL SURVEY OF INDIA.
365 _b250
630 _aMemoirs of the Zoological Survey of India: Taxonomic Studies On Ants of Southern India. (Insecta: Hymenoptera : Formicidae). Vol. 18 No. 4 (Photo copy): (OVERSIZED BOOK)
730 _aMemoirs of the Zoological Survey of India: Taxonomic Studies On Ants of Southern India. (Insecta: Hymenoptera : Formicidae). Vol. 18 No. 4 (Photo copy): (OVERSIZED BOOK)
942 _cBOOK
999 _c603473
_d603470